000 00201nam a22000857a 4500
008 170117b xxu||||| |||| 00| 0 eng d
100 _92449
_aBirumal
245 _aSoccer Quiz
260 _aNew Delhi
_bSET
_c2009
999 _c5501
_d5501